MARC

LEADER 00000nam0a2200000 4500
001 107568
005 20231031115327.0
035 |a (RuTPU)RU\TPU\book\116129 
090 |a 107568 
100 |a 20061226d1982 m y0rusy50 ca 
101 0 |a rus 
102 |a RU 
105 |a a z 000zy 
200 1 |a Производство терефталевой кислоты и ее диметилового эфира  |f В. И. Овчинников, В. Ф. Назимок, Т. А. Симонова 
210 |a Москва  |c Химия  |d 1982 
215 |a 232 с.  |c ил. 
320 |a Библиография в конце глав. 
610 1 |a фталиевые кислоты 
610 1 |a диметиловый эфир 
610 1 |a производство 
610 1 |a утилизация 
610 1 |a экономика производства 
675 |a 661.73  |v 3 
700 1 |a Овчинников  |b В. И.  |g Валентин Иванович 
701 1 |a Назимок  |b В. Ф.  |g Владимир Филиппович 
701 1 |a Симонова  |b Т. А.  |g Тамара Александровна 
801 1 |a RU  |b 63413507  |c 20061226  |g PSBO 
801 2 |a RU  |b 63413507  |c 20070420  |g PSBO 
942 |c BK